Procurement in the affordable housing sector (Record no. 112077)

MARC details
000 -LEADER
fixed length control field 01061cad a22002055a 4500
001 - CONTROL NUMBER
control field E152501
008 - FIXED-LENGTH DATA ELEMENTS--GENERAL INFORMATION
fixed length control field 110321s2011 xxk f s000 0 eng d
020 ## - INTERNATIONAL STANDARD BOOK NUMBER
International Standard Book Number 9781780450933
035 ## - SYSTEM CONTROL NUMBER
System control number (Sirsi) u152501
041 0# - LANGUAGE CODE
Language code of text/sound track or separate title eng
110 2# - MAIN ENTRY--CORPORATE NAME
Corporate name or jurisdiction name as entry element Turner and Townsend
9 (RLIN) 5813
245 00 - TITLE STATEMENT
Title Procurement in the affordable housing sector
Medium [electronic resource]
260 ## - PUBLICATION, DISTRIBUTION, ETC.
Place of publication, distribution, etc. Edinburgh
Name of publisher, distributor, etc. Scottish Government
Date of publication, distribution, etc. 2011
520 ## - SUMMARY, ETC.
Summary, etc. Looks at current procurement systems used by the affordable housing sector, and suggests that savings could be made through the implementation of a central procurement service for the affordable housing sector. Suggests that this would be best created as part of Scotland Excel, or by a sector body such as SFHA. Also suggests the creation of an online housing homepage to improve communication in the area of prcorement.
590 ## - LOCAL NOTE (RLIN)
Local note KA
651 #4 - SUBJECT ADDED ENTRY--GEOGRAPHIC NAME
Geographic name Scotland
Chronological subdivision 1999-
690 ## - LOCAL SUBJECT ADDED ENTRY--TOPICAL TERM (OCLC, RLIN)
Topical term or geographic name as entry element Procurement
9 (RLIN) 6260
856 40 - ELECTRONIC LOCATION AND ACCESS
Uniform Resource Identifier <a href="https://www.scotland.gov.uk/Publications/2011/03/11120322/0">https://www.scotland.gov.uk/Publications/2011/03/11120322/0</a>
Public note View the item free of charge at www.scotland.gov.uk
942 ## - ADDED ENTRY ELEMENTS (KOHA)
Suppress in OPAC 0
Holdings
Withdrawn status Lost status Source of classification or shelving scheme Damaged status Not for loan Home library Current library Shelving location Date acquired Total Checkouts Full call number Barcode Date last seen Copy number Price effective from Koha item type
    Dewey Decimal Classification     Virtual Virtual Online 21/03/2011   ONLINE PUBLICATION 152501-2001 06/08/2019 1 06/08/2019 Book